| 000 | 00790cam a22002412 4500 | ||
|---|---|---|---|
| 001 | 0000002482 | ||
| 005 | 20151217151855.0 | ||
| 008 | 070411s xx 000 0 eng d | ||
| 020 | _a0324066694 (Text and CD) : | ||
| 020 | _a0324111703 (Text only) | ||
| 040 |
_aKABU _cKABU |
||
| 050 | 0 |
_aHF5635 _b.A23 2002 |
|
| 245 | 1 | 0 |
_aAccounting concepts & applications / _cW. Steve Albrecht .... [et al.] |
| 250 | _a8th ed. | ||
| 260 |
_aCincinnati, Ohio : _bSouth-Western, _cc2002. |
||
| 300 |
_a1 v. (various pagings) : _bcol. ill. ; _c29 cm. |
||
| 504 | _aIncludes bibliographical references and indexes. | ||
| 650 | 0 |
_aAccounting. _@0000148321 |
|
| 700 | 1 |
_aAlbrecht, W. Steve. _@0000151846 |
|
| 908 | _a070411 | ||
| 950 | _@1 | ||
| 999 |
_c5877 _d5877 |
||